| 000 | 00000nam 2200000zi 4500 |
| 001 | 9.929588 |
| 003 | CaOODSP |
| 005 | 20240416114431 |
| 006 | m o d f |
| 007 | cr |n||||||||| |
| 008 | 231027t20232023onc o f|0| 0 eng d |
| 020 | |a9780660685472 |
| 040 | |aCaOODSP|beng|erda|cCaOODSP |
| 043 | |an-cn--- |
| 086 | 1 |aH149-27/2023E-PDF |
| 245 | 00|aTips for staying smoke-free. |
| 264 | 1|a[Ottawa] : |bHealth Canada = Santé Canada, |c2023. |
| 264 | 4|c©2023 |
| 300 | |a1 online resource (1 page) |
| 336 | |atext|btxt|2rdacontent |
| 337 | |acomputer|bc|2rdamedia |
| 338 | |aonline resource|bcr|2rdacarrier |
| 500 | |aIssued also in French under title: Conseils pour vivre sans fumée. |
| 500 | |aCaption title. |
| 650 | 0|aSmoking cessation|zCanada. |
| 710 | 1 |aCanada. |bHealth Canada, |eissuing body. |
| 775 | 08|tConseils pour vivre sans fumée.|w(CaOODSP)9.929590 |
| 856 | 40|qPDF|s83 KB|uhttps://publications.gc.ca/collections/collection_2024/sc-hc/H149-27-2023-eng.pdf |
| 856 | 4 |qHTML|sN/A|uhttps://www.canada.ca/en/health-canada/services/publications/healthy-living/tips-staying-smoke-free-infographic.html |
| 986 | |a230638 |